Norma Chilena Oficial NCh 2190 Of93
Tallennettuna:
| Yhteisötekijät: | , |
|---|---|
| Aineistotyyppi: | Kirja |
| Kieli: | espanja |
| Julkaistu: |
Santiago
Instituto Nacional de Normalización
1993
|
| Painos: | 1a. ed |
| Aiheet: | |
| Tagit: |
Lisää tagi
Ei tageja, Lisää ensimmäinen tagi!
|
MARC
| LEADER | 00000nam a2200000 a 4500 | ||
|---|---|---|---|
| 001 | UCK5808 | ||
| 003 | CL-VaPUC | ||
| 008 | 050826e19930000CL |||||||||||||||||spa|d | ||
| 082 | 0 | 4 | |a 604.7 |b INS |2 21 |
| 110 | 2 | |a Instituto Nacional de Normalización |e author |9 494777 | |
| 710 | 2 | |a INN |e author |9 494778 | |
| 245 | 1 | 0 | |a Norma Chilena Oficial NCh 2190 Of93 |
| 246 | 1 | 0 | |a Sustancias peligrosas - Marcas para información de riesgos |
| 250 | |a 1a. ed | ||
| 300 | |a 48 p | ||
| 942 | |c BK | ||
| 945 | |d 20050826 00:00:00 |a cmena | ||
| 260 | |a Santiago |b Instituto Nacional de Normalización |c 1993 | ||
| 650 | 0 | |a Sustancias peligrosas |9 342419 | |
| 650 | 0 | |a Productos químicos |9 326289 | |
| 650 | 0 | |a Normalización |9 262666 | |
| 650 | 0 | |a Medidas de seguridad |9 264085 | |
| 650 | 0 | |a Embalaje |9 364157 | |
| 583 | |a last modification |c 20050826 00:00:00 |k Rodrigo Vera | ||
| 999 | |c 314271 |d 314269 | ||